000 01047nam a2200337 a 4500
001 000115603
003 CHAP
005 20220329144541.0
008 190613s2018 sp a |r| ||||||spa d
010 _a112064
011 _a113036
020 _a9788491113454
040 _cCHAP
082 0 4 _a641.65
_bC62
100 1 _aClergeaud, Chantal.
_9136023
245 1 0 _aBrotes tiernos :
_bestimula tu vitalidad con los germinados /
_cpor Chantal Clergeaud y Lionel Cleargeaud.
260 _aBarcelona, Esp. :
_bObelisco,
_c2018.
300 _a115 p. :
_bil.
490 _aColección salud y vida natural
590 _aBATCH-UPD
_b05
_c20190613
_lUCH01
_h1007
590 _aE11695DGD
_b10
_c20190616
_lUCH01
_h1329
590 _aE5765TAJ
_b05
_c20190613
_lUCH01
_h1006
650 1 _aCocina (Semilla)
_9136026
650 1 4 _aCocina (Germinados)
_9136025
650 1 4 _aSemillas
_xGerminación.
_9103903
700 1 _aClergeaud, Lionel.
_9136024
830 0 _aColección salud y vida natural
_9136047
901 _aBK
942 _cLIBRO
942 _n0
999 _c112064
_d112064